000
00319nam a2200133Ia 4500
008
210707s2009 xx 000 0 und d
041
_a
eng
082
_a
CD202
100
_a
EFY
245
_a
Electronics for you January 2009
260
_c
2009
650
_a
Electronics
906
_a
2009 Electronics for January you
999
_c
177236
_d
177236